Planning reforms threaten countryside (Record no. 73537)

MARC details
000 -LEADER
fixed length control field 00860cam a2200193 4500
001 - CONTROL NUMBER
control field WB3937-24
008 - FIXED-LENGTH DATA ELEMENTS--GENERAL INFORMATION
fixed length control field 031002n2003 000 0 eng u
035 ## - SYSTEM CONTROL NUMBER
System control number (Sirsi) u123820
245 ## - TITLE STATEMENT
Title Planning reforms threaten countryside
260 ## - PUBLICATION, DISTRIBUTION, ETC.
Date of publication, distribution, etc. 2003
490 ## - SERIES STATEMENT
Series statement CPRE Press Release
Volume/sequential designation 1 October 2003 (3)
520 ## - SUMMARY, ETC.
Summary, etc. The CPRE has launched a "Local development frameworks" briefing in response to government plans to change local planning. It aims to highlight some guiding principles that should underlie the new system to avoid compromising the countryside. Copies of the CPRE briefing are available at http://www.cpre.org.uk. http://www.cpre.org.uk/news-releases/news-rel-2003/41-03.htm
590 ## - LOCAL NOTE (RLIN)
Local note WB
650 ## - SUBJECT ADDED ENTRY--TOPICAL TERM
Topical term or geographic name entry element LOCAL DEVELOPMENT FRAMEWORKS
650 ## - SUBJECT ADDED ENTRY--TOPICAL TERM
Topical term or geographic name entry element LOCAL PLANNING
650 ## - SUBJECT ADDED ENTRY--TOPICAL TERM
Topical term or geographic name entry element COUNTRYSIDE PLANNING
690 ## - LOCAL SUBJECT ADDED ENTRY--TOPICAL TERM (OCLC, RLIN)
Topical term or geographic name as entry element Rural
9 (RLIN) 6268
942 ## - ADDED ENTRY ELEMENTS (KOHA)
Suppress in OPAC 0
Holdings
Withdrawn status Lost status Source of classification or shelving scheme Damaged status Not for loan Home library Current library Shelving location Date acquired Total Checkouts Full call number Barcode Date last seen Copy number Price effective from Koha item type
    Dewey Decimal Classification     London London News article 02/10/2003   WB3937-24 123820-1001 06/08/2019 1 06/08/2019 News article